00941cam a2200265 a 450000100100000000500170001000800410002702000150006804000250008304100380010808200170014610000190016324000380018224501040022026000310032430000210035553400900037650400310046650000220049765000260051965000300054560000490057565000330062465000180065700000208220200929145826.0841108s1988 mx b 001 f spa d a9688881945 aDO-SdBNPbspacBNPHU17aspaheng2Código de idioma MARC a813.4bC652e1 aCoale, Samuel.10aIn Hawthorne's shadow.lEspañol10aEn la sombra de Hawthorne :bel romanticismo americano desde Melville Mailer /cSamuel Chase Coale. aMéxico :bPrisma,c1988. a245 p. ;c23 cm. pTítulo original:tIn Howthorne's shadow : American romance from Melville to Mailer. aBibliografía: p. 191-192 aIncluye índice. 4aNovela estadounidense 4aLiteratura estadounidense10aHAWTHORNE, NATHANIEL,d1804-1864xINFLUENCIA 4aRomanticismozEstados Unidos 4aManiqueísmo